[Event "32nd ECC Open 2016"]
[Site "Novi Sad SRB"]
[Date "2016.11.08"]
[Round "3.23"]
[Board "1"]
[White "Feygin, Michael"]
[Black "Lauber, Arnd"]
[Result "1-0"]
[WhiteTitle "GM"]
[BlackTitle "IM"]
[WhiteElo "2473"]
[BlackElo "2434"]
[WhiteTeam "KSK Rochade Eupen-Kelmis"]
[BlackTeam "Schachfreunde Berlin"]
[WhiteFideId "14103109"]
[BlackFideId "4632630"]
[EventDate "2016.11.06"]

1. e4 e6 2. d4 d5 3. Nc3 Nf6 4. Bg5 Bb4 5. e5 h6 6. Bd2 Bxc3 7. bxc3 Ne4 8. Qg4
g6 9. Bd3 Nxd2 10. Kxd2 c5 11. h4 Nc6 12. Qf4 cxd4 13. cxd4 Qa5+ 14. Ke2 b6 15.
Nf3 Ba6 16. Rhb1 Rc8 17. Qd2 Bxd3+ 18. cxd3 Qxd2+ 19. Kxd2 Kd7 20. g3 Rc7 21.
Rc1 Rhc8 22. Rab1 Ke8 23. Kd1 Ke7 24. Kd2 Kf8 25. Kd1 Ke8 26. Kd2 Ke7 27. Kd1
Na5 28. Rxc7+ Rxc7 29. Kd2 Rc6 30. h5 g5 31. Nh2 Kf8 32. Ng4 Kg7 33. f4 gxf4 34.
gxf4 Rc8 35. f5 exf5 36. Ne3 f4 37. Nf5+ Kh7 38. Rf1 f6 39. Ne7 Rd8 40. exf6 Nb7
41. Rg1 1-0

[Event "32nd ECC Open 2016"]
[Site "Novi Sad SRB"]
[Date "2016.11.08"]
[Round "3.23"]
[Board "2"]
[White "Baldauf, Marco"]
[Black "Coenen, Michael"]
[Result "1-0"]
[WhiteTitle "IM"]
[WhiteElo "2431"]
[BlackElo "2393"]
[WhiteTeam "Schachfreunde Berlin"]
[BlackTeam "KSK Rochade Eupen-Kelmis"]
[WhiteFideId "4688210"]
[BlackFideId "4697367"]
[EventDate "2016.11.06"]

1. d4 Nf6 2. c4 g6 3. Nc3 d5 4. Nf3 Bg7 5. h4 h6 6. cxd5 Nxd5 7. e4 Nxc3 8. bxc3
c5 9. Be3 Nd7 10. Qd2 Nf6 11. Bd3 Ng4 12. Bf4 Qa5 13. Rc1 Bd7 14. O-O O-O 15.
Qe2 Rac8 16. e5 cxd4 17. cxd4 Be6 18. h5 Qxa2 19. Bd2 Rxc1 20. Rxc1 gxh5 21. Rc7
Bd5 22. Rxe7 Rc8 23. Rd7 Bc6 24. Rd6 Bf8 25. Rxc6 Rxc6 26. Qe4 Rg6 27. d5 Bc5
28. e6 Qa1+ 29. Bb1 Rg7 30. Be1 Qf6 31. Ba2 fxe6 32. dxe6 Kh8 33. Qd3 Rc7 34.
Bc4 Rg7 35. Kf1 b5 36. Ba2 b4 37. Qd5 Bb6 38. Bxb4 Nh2+ 39. Ke2 Qb2+ 40. Bd2
Rxg2 41. e7 Rxf2+ 42. Kd3 Rxf3+ 43. Qxf3 Qb5+ 44. Bc4 Qb1+ 45. Ke2 1-0

[Event "32nd ECC Open 2016"]
[Site "Novi Sad SRB"]
[Date "2016.11.08"]
[Round "3.23"]
[Board "3"]
[White "Klein, Felix"]
[Black "Polzin, Rainer"]
[Result "1/2-1/2"]
[WhiteTitle "FM"]
[BlackTitle "GM"]
[WhiteElo "2321"]
[BlackElo "2413"]
[WhiteTeam "KSK Rochade Eupen-Kelmis"]
[BlackTeam "Schachfreunde Berlin"]
[WhiteFideId "24600458"]
[BlackFideId "4610741"]
[EventDate "2016.11.06"]

1. e4 e5 2. Nf3 Nc6 3. Bb5 a6 4. Ba4 Nf6 5. O-O b5 6. Bb3 Be7 7. Re1 O-O 8. a4
b4 9. d3 d6 10. Nbd2 Rb8 11. h3 Na5 12. Ba2 Be6 13. Bxe6 fxe6 14. d4 Nd7 15.
dxe5 Nxe5 16. Nxe5 dxe5 17. Qe2 Bc5 18. Nf3 Qd6 19. Be3 Bxe3 20. Qxe3 Nc4 21.
Qe2 Qc5 22. b3 Nd6 23. Qe3 Qxe3 24. Rxe3 Nf7 25. Rd1 Rfd8 26. Red3 Rxd3 27. Rxd3
Kf8 28. Kf1 Ke7 29. Ke2 Rb6 30. Nh2 c5 31. Ng4 c4 32. bxc4 Rc6 33. Ne3 Nd6 34.
Rb3 a5 35. c3 bxc3 36. f3 c2 37. Rc3 Nb7 38. Rxc2 Nc5 39. Rb2 Nxa4 40. Rb7+ Kf8
41. Ra7 Nb2 42. Rxa5 Nxc4 43. Nxc4 Rxc4 44. Rxe5 Rc2+ 45. Kf1 Kf7 46. Kg1 g6 47.
Kh2 h5 48. h4 Kf6 49. Ra5 e5 50. Ra6+ Kf7 51. Kg3 Re2 52. Ra1 Kf6 53. Rf1 Ke6
54. Rf2 Re1 55. Kh2 Kf6 56. Ra2 Ke6 57. g3 Kf6 58. Kg2 Ke6 59. Kf2 Rh1 60. Rd2
Ra1 61. Rb2 Rh1 62. Ke3 Rg1 63. Kf2 Rh1 64. Kg2 Re1 65. Rb6+ Kf7 66. Rb5 Kf6 67.
Rb2 Ke6 68. Kf2 Rh1 69. Re2 Kf6 70. Kg2 Ra1 71. g4 hxg4 72. fxg4 Ra3 73. g5+ Kg7
74. Rb2 Re3 75. Rb4 Kf7 76. Kf2 Rh3 77. Rb7+ Kf8 78. Rb5 Rxh4 79. Rxe5 Kf7 80.
Kf3 Rh3+ 81. Kf4 Rh4+ 82. Ke3 Rh3+ 1/2-1/2

[Event "32nd ECC Open 2016"]
[Site "Novi Sad SRB"]
[Date "2016.11.08"]
[Round "3.23"]
[Board "4"]
[White "Lundin, Jan"]
[Black "Meessen, Rudolf"]
[Result "1-0"]
[WhiteTitle "FM"]
[BlackTitle "FM"]
[WhiteElo "2264"]
[BlackElo "2297"]
[WhiteTeam "Schachfreunde Berlin"]
[BlackTeam "KSK Rochade Eupen-Kelmis"]
[WhiteFideId "1706896"]
[BlackFideId "202029"]
[EventDate "2016.11.06"]

1. e4 e6 2. d4 d5 3. e5 c5 4. c3 Qb6 5. Nf3 Nc6 6. Na3 cxd4 7. cxd4 Bb4+ 8. Bd2
Nge7 9. Nc2 Bxd2+ 10. Qxd2 Qxb2 11. Bd3 Qb6 12. O-O h6 13. Rab1 Qa5 14. Qe3 O-O
15. Rfc1 Rb8 16. Na1 Nb4 17. Qd2 Nec6 18. Rc5 b5 19. Rxb4 Nxb4 20. Nc2 Qxa2 21.
Nxb4 Qxd2 22. Nxd2 a6 23. Nb3 Ra8 24. Na5 f6 25. g3 fxe5 26. dxe5 g5 27. Be2 Ra7
28. Bg4 d4 29. Rxc8 Rxc8 30. Bxe6+ Kf8 31. Bxc8 Rc7 32. Bf5 Rc5 33. f4 Rc1+ 34.
Kf2 Ra1 35. Nac6 d3 36. Bxd3 Kf7 37. f5 a5 38. e6+ Ke8 39. f6 axb4 40. Bg6+ 1-0

[Event "32nd ECC Open 2016"]
[Site "Novi Sad SRB"]
[Date "2016.11.08"]
[Round "3.23"]
[Board "5"]
[White "Ahn, Martin"]
[Black "Noetzel, Felix"]
[Result "1/2-1/2"]
[WhiteTitle "FM"]
[WhiteElo "2236"]
[BlackElo "2209"]
[WhiteTeam "KSK Rochade Eupen-Kelmis"]
[BlackTeam "Schachfreunde Berlin"]
[WhiteFideId "200972"]
[BlackFideId "24637416"]
[EventDate "2016.11.06"]

1. d4 d5 2. Nc3 Nf6 3. Bg5 g6 4. Nf3 Bg7 5. e3 O-O 6. Bd3 Bg4 7. h3 Bxf3 8. Qxf3
c6 9. O-O Nbd7 10. e4 dxe4 11. Nxe4 Nxe4 12. Qxe4 Nf6 13. Qh4 Qd6 14. Rad1 Rfe8
15. Rfe1 b5 16. c3 Nd5 17. Re2 e6 18. Bc2 a5 19. a3 Rec8 20. Qe4 Nb6 21. Bb3 Nd5
22. h4 h6 23. Bc1 Rd8 24. Qf3 Rac8 25. g3 Qb8 26. Kg2 Qa8 27. Bc2 c5 28. dxc5
Rxc5 29. Red2 Rdc8 30. Be4 b4 31. axb4 axb4 32. Bxd5 exd5 33. Rxd5 Rxd5 34. Qxd5
Qxd5+ 35. Rxd5 bxc3 36. bxc3 Rxc3 1/2-1/2

[Event "32nd ECC Open 2016"]
[Site "Novi Sad SRB"]
[Date "2016.11.08"]
[Round "3.23"]
[Board "6"]
[White "Ebeling, Jens"]
[Black "Coenen, Norbert"]
[Result "1/2-1/2"]
[BlackTitle "IM"]
[WhiteElo "2004"]
[BlackElo "2304"]
[WhiteTeam "Schachfreunde Berlin"]
[BlackTeam "KSK Rochade Eupen-Kelmis"]
[WhiteFideId "4645685"]
[BlackFideId "4619455"]
[EventDate "2016.11.06"]

1. e4 d6 2. d4 Nf6 3. Nc3 e5 4. Nf3 Nbd7 5. Bc4 Be7 6. O-O c6 7. a4 Qc7 8. a5
O-O 9. Re1 Rb8 10. Bg5 b5 11. axb6 axb6 12. Qd2 b5 13. Bf1 Re8 14. h3 h6 15. Bh4
Bb7 16. g4 Nh7 17. Bxe7 Rxe7 18. Nh4 b4 19. Ne2 Bc8 20. Nf5 Re6 21. Neg3 d5 22.
Bg2 Ndf6 23. dxe5 Nxe4 24. Nxe4 dxe4 25. Rxe4 c5 26. f4 Bb7 27. Ree1 c4 28. Bxb7
Qxb7 29. Qg2 Qc7 30. Qf2 Nf8 31. Ra7 Rb7 32. Rxb7 Qxb7 33. Nd4 Re8 34. f5 Qd5
35. Qf4 c3 36. bxc3 bxc3 37. Nf3 Nd7 38. Qe4 Qc5+ 39. Qe3 Qc7 40. Qd4 f6 41.
Qd5+ Kh7 42. Qf7 Rf8 43. Qe7 fxe5 44. Nxe5 Qb6+ 45. Kg2 Nxe5 46. Rxe5 Rd8 47.
Re2 Rd1 48. Rf2 Rd2 49. Qe1 Qc6+ 50. Kg3 Qd6+ 51. Kh4 Qf6+ 52. Kg3 Qd6+ 53. Kh4
Qd4 54. Re2 Qf4 55. Re4 Qg5+ 56. Kg3 Rxc2 57. Re2 Rc1 58. Qf2 Qf6 59. Qf4 Rb1
60. Kh2 Rd1 61. Qa4 Qd6+ 62. Kg2 Qd5+ 63. Kf2 Qh1 64. Kg3 Rg1+ 65. Kh4 Qd5 66.
Qe8 Qd6 67. Qg6+ Qxg6 68. fxg6+ Kxg6 69. Rc2 Kf6 70. Rxc3 1/2-1/2

[Event "32nd ECC Open 2016"]
[Site "Novi Sad SRB"]
[Date "2016.11.08"]
[Round "3.24"]
[Board "1"]
[White "Martinovic, Sasa"]
[Black "Aabling-Thomsen, Jakob"]
[Result "1/2-1/2"]
[WhiteTitle "GM"]
[BlackTitle "FM"]
[WhiteElo "2560"]
[BlackElo "2382"]
[WhiteTeam "SK Modra"]
[BlackTeam "Bronshoj Skakforening"]
[WhiteFideId "14509792"]
[BlackFideId "1407589"]
[EventDate "2016.11.06"]

1. d4 f5 2. g3 Nf6 3. Bg2 g6 4. Nf3 Bg7 5. O-O O-O 6. c4 d6 7. Nc3 c6 8. Re1 Nh5
9. h3 e5 10. dxe5 dxe5 11. Qxd8 Rxd8 12. e4 Re8 13. b3 f4 14. g4 Nf6 15. Ba3 Be6
16. Rad1 Nbd7 17. Bd6 h6 18. g5 Nh7 19. gxh6 Bxh6 20. Rd3 Ng5 21. Nxe5 Nxe5 22.
Bxe5 Bxc4 23. bxc4 Rxe5 24. h4 Ne6 25. Bh3 Nc5 26. Rd6 Kf7 27. f3 Rh8 28. Bg4
Bf8 29. Rd8 Rxh4 30. Ne2 Be7 31. Ra8 Rxg4+ 32. fxg4 Rxe4 33. Kf1 Bh4 34. Rd1 Re3
35. Ng1 f3 36. Rxa7 Ne4 37. Rxb7+ Ke6 38. Nh3 g5 39. Rb2 Ra3 40. Rb3 Rxa2 41.
Rxf3 Nd2+ 42. Rxd2 Rxd2 43. Rf5 Rd4 44. Nxg5+ Bxg5 45. Rxg5 Rxc4 46. Ke2 1/2-1/2

[Event "32nd ECC Open 2016"]
[Site "Novi Sad SRB"]
[Date "2016.11.08"]
[Round "3.24"]
[Board "2"]
[White "Carstensen, Jacob"]
[Black "Maslik, Miroslav"]
[Result "1/2-1/2"]
[WhiteTitle "IM"]
[BlackTitle "IM"]
[WhiteElo "2383"]
[BlackElo "2337"]
[WhiteTeam "Bronshoj Skakforening"]
[BlackTeam "SK Modra"]
[WhiteFideId "1404180"]
[BlackFideId "14902192"]
[EventDate "2016.11.06"]

1. Nf3 Nf6 2. c4 g6 3. Nc3 Bg7 4. e4 d6 5. d4 O-O 6. Be2 e5 7. Be3 Na6 8. O-O
Ng4 9. Bg5 Qe8 10. h3 h6 11. Bc1 exd4 12. Nxd4 Nf6 13. Bf3 Nh7 14. Be3 Ng5 15.
Ndb5 Be6 16. Be2 Bd7 17. Rc1 Bc6 18. Nd5 Bxd5 19. cxd5 Nxe4 20. Nxc7 Nxc7 21.
Rxc7 Bxb2 22. Qb3 Bg7 23. Rxb7 Rc8 24. Bb5 Qe5 25. Bc6 a5 26. a4 Nc3 27. Re1 Qh5
28. Qc4 Rfe8 29. Qf4 g5 30. Qf5 Rf8 31. Bb6 Ne2+ 32. Kf1 Nd4 33. Qd7 g4 34. Bxd4
gxh3 35. gxh3 Bxd4 36. Re4 Qd1+ 37. Kg2 Kh8 38. Qf5 Rg8+ 39. Rg4 Rxg4+ 40. hxg4
Rg8 41. Rxf7 Rxg4+ 42. Kh3 Rg7 43. Rf8+ Rg8 44. Rxg8+ Kxg8 45. Qg6+ Bg7 46. Qe6+
Kh7 47. Qf5+ Kh8 48. Kg2 Qd4 49. Kh3 Qd1 50. Bb5 Qh1+ 51. Kg4 Qd1+ 52. f3 Qg1+
53. Kh5 Qg5+ 54. Qxg5 hxg5 55. Kxg5 Kg8 56. f4 Kf7 57. Kf5 Ke7 58. Ke4 Bb2 59.
Kd3 Bc1 60. f5 Kf6 61. Bd7 1/2-1/2

[Event "32nd ECC Open 2016"]
[Site "Novi Sad SRB"]
[Date "2016.11.08"]
[Round "3.24"]
[Board "3"]
[White "Schwarz, Dusan"]
[Black "Pilgaard, Kim"]
[Result "1-0"]
[BlackTitle "IM"]
[WhiteElo "2278"]
[BlackElo "2384"]
[WhiteTeam "SK Modra"]
[BlackTeam "Bronshoj Skakforening"]
[WhiteFideId "14903890"]
[BlackFideId "1400657"]
[EventDate "2016.11.06"]

1. d4 Nf6 2. c4 e6 3. Nc3 Bb4 4. f3 c5 5. d5 O-O 6. e4 b5 7. Bg5 h6 8. Bh4 exd5
9. cxd5 Re8 10. Be2 a6 11. Nh3 d6 12. Nf2 c4 13. a4 Ba5 14. O-O Bd7 15. Qc2 Ra7
16. Kh1 b4 17. Ncd1 c3 18. bxc3 bxc3 19. Ne3 Bb4 20. Nd3 a5 21. Nc4 Qe7 22. Nxb4
axb4 23. Rfb1 Na6 24. Bg3 Nxe4 25. fxe4 Qxe4 26. Bd3 Qxd5 27. Nxd6 Re3 28. Bc4
Qc5 29. Bf2 1-0

[Event "32nd ECC Open 2016"]
[Site "Novi Sad SRB"]
[Date "2016.11.08"]
[Round "3.24"]
[Board "4"]
[White "Petersen, Steen1"]
[Black "Federic, Jozef"]
[Result "0-1"]
[BlackTitle "FM"]
[WhiteElo "2145"]
[BlackElo "2290"]
[WhiteTeam "Bronshoj Skakforening"]
[BlackTeam "SK Modra"]
[WhiteFideId "1402706"]
[BlackFideId "14910659"]
[EventDate "2016.11.06"]

1. e4 c5 2. Nf3 e6 3. d4 cxd4 4. Nxd4 Nf6 5. Nc3 d6 6. Be3 Be7 7. f4 Nc6 8. Qf3
Qa5 9. Nb3 Qh5 10. Qxh5 Nxh5 11. O-O-O O-O 12. Be2 Nf6 13. Bf3 Rd8 14. Rd2 Ne8
15. Rhd1 b6 16. Nb5 Bb7 17. e5 d5 18. N5d4 Rac8 19. Nxc6 Bxc6 20. Nd4 Bc5 21.
Kb1 Ba4 22. Re1 g6 23. g4 Ng7 24. c3 Bxd4 25. Bxd4 Bb5 26. Rg1 Kf8 27. Be3 Bd7
28. h3 Rc7 29. f5 exf5 30. Bh6 fxg4 31. hxg4 Be6 32. g5 Kg8 33. Bxg7 Kxg7 34.
Rh1 Rc4 35. Rhd1 Rc5 36. Rd4 Rd7 37. Rh4 Re7 38. Re1 Rc4 39. Rd4 h6 40. gxh6+
Kxh6 41. Kc1 g5 42. Rh1+ Kg6 43. Rd2 Rf4 44. Bd1 Bg4 45. Bc2+ Bf5 46. Rxd5 Bxc2
47. Kxc2 Re4 48. Rd6+ Kg7 49. b4 R4xe5 50. a4 g4 51. c4 g3 52. Rd3 Rg5 53. Rg1
Re2+ 54. Kc3 g2 55. Rf3 f6 56. a5 Kf7 57. Kd4 Rg4+ 58. Kd5 Re5+ 59. Kd6 Rd4+ 0-1

[Event "32nd ECC Open 2016"]
[Site "Novi Sad SRB"]
[Date "2016.11.08"]
[Round "3.24"]
[Board "5"]
[White "Banas, Kamil"]
[Black "Andersen, Soren Mikkel"]
[Result "1-0"]
[WhiteElo "2243"]
[BlackElo "2086"]
[WhiteTeam "SK Modra"]
[BlackTeam "Bronshoj Skakforening"]
[WhiteFideId "14902141"]
[BlackFideId "1411918"]
[EventDate "2016.11.06"]

1. e4 c5 2. Nf3 d6 3. d4 cxd4 4. Nxd4 Nf6 5. Nc3 a6 6. Be2 e6 7. O-O Be7 8. a4
Nc6 9. Be3 O-O 10. f4 Qc7 11. Kh1 Re8 12. Bf3 Nxd4 13. Qxd4 e5 14. Qd2 exf4 15.
Bxf4 Be6 16. Rfd1 Rad8 17. a5 Ng4 18. Bxg4 Bxg4 19. Nd5 Qc6 20. Re1 Bf8 21. Ra3
Bh5 22. Bg5 Rc8 23. Rc3 Qb5 24. Nc7 Rxc7 25. Rxc7 Rxe4 26. h4 Bg6 27. Rc8 Qd7
28. Rd8 Qe6 29. Rxe4 Bxe4 30. Kg1 h6 31. Bf4 d5 32. Qb4 Qg4 33. Rxf8+ Kh7 34.
Qd2 Bxg2 35. Qxg2 Qxf4 36. Qf2 Qg4+ 37. Kh2 f6 38. Re8 Qd7 39. Qe2 Qd6+ 40. Kh1
Qf4 41. Qd3+ f5 42. Re3 Qxh4+ 43. Kg2 Qf4 44. Rf3 Qg4+ 45. Kf1 g6 46. Qxd5 h5
47. Qf7+ Kh6 48. Qf8+ Kg5 49. Qd8+ Kh6 50. Qh8+ Kg5 51. Kf2 h4 52. Qd8+ Kh6 53.
Qd2+ Kh5 54. Qf4 h3 55. Qxg4+ fxg4 56. Rb3 Kh4 57. Rxb7 g3+ 58. Kf3 g2 59. Rh7+
Kg5 60. Kf2 1-0

[Event "32nd ECC Open 2016"]
[Site "Novi Sad SRB"]
[Date "2016.11.08"]
[Round "3.24"]
[Board "6"]
[White "Christensen, Esben"]
[Black "Mydlarik, Martin"]
[Result "1-0"]
[WhiteElo "2016"]
[BlackElo "2084"]
[WhiteTeam "Bronshoj Skakforening"]
[BlackTeam "SK Modra"]
[WhiteFideId "1402307"]
[BlackFideId "14904829"]
[EventDate "2016.11.06"]

1. e4 d5 2. exd5 Qxd5 3. Nf3 Nf6 4. d4 Bf5 5. Bd3 Bxd3 6. Qxd3 c6 7. O-O e6 8.
c4 Qd8 9. Nc3 Be7 10. Re1 O-O 11. Bf4 Nbd7 12. Rad1 Nb6 13. h3 Rc8 14. Qe2 Bb4
15. Bd2 Bxc3 16. Bxc3 Nbd7 17. Rd3 b5 18. b3 Qb6 19. Ne5 bxc4 20. Rg3 g6 21.
bxc4 c5 22. Nxd7 Nxd7 23. dxc5 Qxc5 24. Qd2 Rfd8 25. Rd3 Qxc4 26. Ba5 Qxd3 27.
Qxd3 Nb6 28. Qa6 Rc6 29. Qxa7 Rd7 30. Qxb6 Rxb6 31. Bxb6 1-0

[Event "32nd ECC Open 2016"]
[Site "Novi Sad SRB"]
[Date "2016.11.08"]
[Round "3.25"]
[Board "1"]
[White "Kristensen, Kaare Hove"]
[Black "Korsunsky, Yuri"]
[Result "1-0"]
[WhiteTitle "FM"]
[BlackTitle "IM"]
[WhiteElo "2374"]
[BlackElo "2411"]
[WhiteTeam "Skakklubben Nordkalotten"]
[BlackTeam "Perfect"]
[WhiteFideId "1400940"]
[BlackFideId "14102722"]
[EventDate "2016.11.06"]

1. e4 d6 2. d4 Nf6 3. Nc3 g6 4. f4 Bg7 5. Nf3 c5 6. Bb5+ Bd7 7. e5 Ng4 8. Bxd7+
Qxd7 9. d5 dxe5 10. h3 e4 11. hxg4 exf3 12. Qxf3 Na6 13. Bd2 Nb4 14. O-O-O O-O-O
15. Ne4 Nxd5 16. c4 f5 17. gxf5 gxf5 18. Ng5 Qa4 19. cxd5 Qxa2 20. Bc3 Bxc3 21.
Qxc3 Rhg8 22. Qe5 Rd6 23. Rxh7 Rgd8 24. Rxe7 Qa1+ 25. Kc2 Qa4+ 26. b3 Qa2+ 27.
Qb2 Qxb2+ 28. Kxb2 Rxd5 29. Rxd5 Rxd5 30. Kc3 b5 31. Rxa7 Rd4 32. Rc7+ Kb8 33.
Rxc5 Rxf4 34. Rxb5+ Kc8 35. Rc5+ Kb7 36. Nf3 Rg4 37. Rxf5 Rxg2 38. Nd4 Rh2 39.
Kc4 Rh4 40. b4 Rh6 41. Kc5 Rh1 42. Nc6 Rh6 43. Rf7+ Kc8 44. Kb6 1-0

[Event "32nd ECC Open 2016"]
[Site "Novi Sad SRB"]
[Date "2016.11.08"]
[Round "3.25"]
[Board "2"]
[White "Gluhovsky, Mark"]
[Black "Sylvan, Jacob"]
[Result "0-1"]
[BlackTitle "FM"]
[WhiteElo "2282"]
[BlackElo "2376"]
[WhiteTeam "Perfect"]
[BlackTeam "Skakklubben Nordkalotten"]
[WhiteFideId "24165514"]
[BlackFideId "1402137"]
[EventDate "2016.11.06"]

1. e4 c5 2. b3 Nc6 3. Bb2 e6 4. Nf3 a6 5. Be2 Nf6 6. Nc3 d5 7. exd5 exd5 8. d4
Bg4 9. O-O Be7 10. Na4 c4 11. h3 Bf5 12. Ne5 Na5 13. Bf3 O-O 14. bxc4 dxc4 15.
Re1 Rc8 16. Qd2 Be6 17. Bc3 Nc6 18. Bxc6 bxc6 19. Ba5 Qe8 20. Nb6 Rb8 21. Nexc4
Nd5 22. Nxd5 cxd5 23. Ne3 Qa4 24. c4 dxc4 25. d5 Bc8 26. Nxc4 Qxc4 27. Rxe7 Rb5
28. d6 Rd5 29. Qb4 Qd3 30. Re3 Qc2 31. Qb3 Qf5 32. Bc7 Be6 33. Qa3 Rd2 34. Rf3
Qc2 35. Qc3 Rxf2 36. Qxc2 Rxc2 37. Rd1 Bd7 38. Ra3 Re8 39. Rxa6 h5 40. Rd5 Ree2
41. Rxh5 Rxg2+ 42. Kf1 g6 43. Rc5 Rcf2+ 44. Ke1 Rb2 45. Kf1 Bxh3 46. Rb6 Rge2+ 0-1

[Event "32nd ECC Open 2016"]
[Site "Novi Sad SRB"]
[Date "2016.11.08"]
[Round "3.25"]
[Board "3"]
[White "Hove, Esben Kjems"]
[Black "Kurochkin, Victor"]
[Result "1/2-1/2"]
[WhiteTitle "FM"]
[WhiteElo "2279"]
[BlackElo "2410"]
[WhiteTeam "Skakklubben Nordkalotten"]
[BlackTeam "Perfect"]
[WhiteFideId "1401505"]
[BlackFideId "4105168"]
[EventDate "2016.11.06"]

1. d4 Nf6 2. Bf4 c5 3. e3 d6 4. c3 Nbd7 5. Nf3 Nh5 6. Bg5 h6 7. Bh4 g5 8. Nfd2
Ndf6 9. Bg3 Bg7 10. Bd3 O-O 11. f3 Nxg3 12. hxg3 e5 13. dxe5 dxe5 14. Qe2 Qc7
15. g4 Be6 16. Ne4 Nxe4 17. Bxe4 Rad8 18. Nd2 Qb6 19. Nf1 Rd6 20. b3 Rfd8 21.
Kf2 c4 22. b4 R8d7 23. Kg3 Qd8 24. Qc2 a5 25. a3 axb4 26. axb4 Ra6 27. Rxa6 bxa6
28. Kh2 Qb6 29. Qe2 a5 30. bxa5 Qxa5 31. Qb2 Qa7 32. Ng3 Rd8 33. Re1 Bf8 34. Bf5
Bc5 35. Bxe6 fxe6 36. Qb5 Bxe3 37. Qxc4 Bf4 38. Qxe6+ Qf7 39. Qxf7+ Kxf7 40. Kh3
Bxg3 41. Kxg3 Rc8 42. Rc1 Rc4 43. Kf2 e4 44. Ke3 Kf6 45. Kd2 exf3 46. gxf3 Ke5
47. Rb1 Rf4 48. Rb5+ Ke6 49. Rb6+ Ke5 50. Ke3 Rc4 51. Rxh6 Rxc3+ 52. Kf2 Rc5 53.
Rg6 Kd4 54. Rf6 Ra5 55. Kg3 Rb5 56. Re6 Kd5 57. Re8 Kd6 58. Kf2 Rb3 59. Rf8 Rb5
60. Ke3 Ke6 61. Ra8 Rb3+ 62. Kf2 Kf6 63. Ra6+ Kg7 64. Rc6 Ra3 65. Kg3 Rb3 66.
Kf2 Ra3 67. Kg3 Rb3 1/2-1/2

[Event "32nd ECC Open 2016"]
[Site "Novi Sad SRB"]
[Date "2016.11.08"]
[Round "3.25"]
[Board "4"]
[White "Alekseev, Andrey"]
[Black "Nielsen, Lars Aaes"]
[Result "1/2-1/2"]
[WhiteTitle "IM"]
[BlackTitle "FM"]
[WhiteElo "2337"]
[BlackElo "2241"]
[WhiteTeam "Perfect"]
[BlackTeam "Skakklubben Nordkalotten"]
[WhiteFideId "4106873"]
[BlackFideId "1401726"]
[EventDate "2016.11.06"]

1. e4 e6 2. d4 d5 3. exd5 exd5 4. Bd3 Bd6 5. Qf3 Nc6 6. c3 Nf6 7. h3 Ne4 8. Bxe4
Qe7 9. Nd2 f5 10. Ne2 dxe4 11. Qh5+ g6 12. Qh6 Be6 13. Nf1 Qf7 14. Nf4 O-O-O 15.
Nxe6 Qxe6 16. Bf4 Bf8 17. Qh4 h6 18. g4 g5 19. Bxg5 hxg5 20. Qxh8 Ba3 21. gxf5
Qxf5 22. Ng3 Qf3 23. Qh5 Qxh5 24. Nxh5 Bxb2 25. Kd2 Bxa1 26. Rxa1 Rf8 27. Rf1
Na5 28. Ke3 Nc4+ 29. Ke2 Nd6 30. Rg1 Rf5 31. Rg4 Ra5 32. a4 Rxa4 33. Rxg5 Ra2+
34. Kf1 b5 35. Nf6 Rc2 36. Rc5 Kb7 37. Nd5 c6 38. Nb4 Rc1+ 39. Kg2 a5 40. Nxc6
a4 41. Nb4 a3 42. d5 Rb1 43. Rc6 Rxb4 44. cxb4 Nc4 45. Rg6 a2 46. Rg7+ Ka6 47.
Rg8 Ka7 48. Rg7+ Kb8 49. Rg8+ Ka7 1/2-1/2

[Event "32nd ECC Open 2016"]
[Site "Novi Sad SRB"]
[Date "2016.11.08"]
[Round "3.25"]
[Board "6"]
[White "Pleshkov, Mikhail"]
[Black "Jakobsen, Peter"]
[Result "0-1"]
[BlackTitle "FM"]
[WhiteElo "1888"]
[BlackElo "2201"]
[WhiteTeam "Perfect"]
[BlackTeam "Skakklubben Nordkalotten"]
[WhiteFideId "34106917"]
[BlackFideId "1401440"]
[EventDate "2016.11.06"]

1. d4 Nf6 2. Nf3 e6 3. e3 b6 4. Bd3 Bb7 5. Nbd2 c5 6. b3 cxd4 7. exd4 Be7 8. O-O
O-O 9. c4 d5 10. Qe2 Nc6 11. Bb2 Rc8 12. Rac1 Re8 13. Rfd1 Bf8 14. Qe3 g6 15.
Ne5 Nxe5 16. dxe5 Nh5 17. Be2 Bc5 18. Bd4 Ng7 19. Bxc5 bxc5 20. Qf4 Qc7 21. cxd5
exd5 22. Bg4 f5 23. Bf3 Qxe5 24. Qxe5 Rxe5 25. Nc4 Re6 26. Bxd5 Bxd5 27. Rxd5
Re2 28. Rd2 Rxd2 29. Nxd2 Rd8 30. Nc4 Ne6 31. g3 Kf7 32. Kg2 Kf6 33. Rc2 g5 34.
h3 h5 35. f3 Rd3 36. Kf2 Nd4 37. Rd2 Rxf3+ 38. Kg2 Rc3 39. h4 gxh4 40. gxh4 f4
41. Nd6 Ke5 42. Nf7+ Ke4 43. Ng5+ Ke3 44. Rb2 f3+ 45. Kg3 Ne2+ 46. Kh2 f2 47.
Kg2 Rc1 0-1

[Event "32nd ECC Open 2016"]
[Site "Novi Sad SRB"]
[Date "2016.11.08"]
[Round "3.26"]
[Board "1"]
[White "Van Foreest, Jorden"]
[Black "Svane, Rasmus"]
[Result "1/2-1/2"]
[WhiteTitle "GM"]
[BlackTitle "GM"]
[WhiteElo "2614"]
[BlackElo "2546"]
[WhiteTeam "JSV SISSA"]
[BlackTeam "Nordea Skanderborg"]
[WhiteFideId "1039784"]
[BlackFideId "4657101"]
[EventDate "2016.11.06"]

1. e4 e6 2. d4 d5 3. Nc3 Nf6 4. e5 Nfd7 5. f4 c5 6. Nf3 Nc6 7. Be3 a6 8. Qd2 b5
9. a3 Qa5 10. Ra2 Qb6 11. Nd1 cxd4 12. Nxd4 Nxd4 13. Bxd4 Bc5 14. c3 O-O 15. Be2
Bb7 16. O-O a5 17. Bxc5 Nxc5 18. Qd4 Qc6 19. Ne3 Nb3 20. Qd1 Qc5 21. Qxb3 Qxe3+
22. Rf2 d4 23. Ra1 b4 24. Bc4 dxc3 25. bxc3 Qxc3 26. Qxc3 bxc3 27. Rc1 Rac8 28.
Rxc3 Rc5 29. Rcc2 Rfc8 30. Bb3 Be4 31. Rxc5 Rxc5 32. Re2 Bf5 33. Kf2 h6 34. Re3
Kf8 35. h4 Rc1 36. Re1 Rc3 37. Re3 Rc1 38. Re1 Rc3 39. Re3 Rc1 1/2-1/2

[Event "32nd ECC Open 2016"]
[Site "Novi Sad SRB"]
[Date "2016.11.08"]
[Round "3.26"]
[Board "2"]
[White "Semcesen, Daniel"]
[Black "Van Foreest, Lucas"]
[Result "1-0"]
[WhiteTitle "GM"]
[WhiteElo "2469"]
[BlackElo "2384"]
[WhiteTeam "Nordea Skanderborg"]
[BlackTeam "JSV SISSA"]
[WhiteFideId "1706993"]
[BlackFideId "1039792"]
[EventDate "2016.11.06"]

1. d4 d5 2. c4 e6 3. Nc3 c6 4. e4 dxe4 5. Nxe4 Bb4+ 6. Nc3 c5 7. a3 Ba5 8. Nf3
Nf6 9. Be3 Ne4 10. Qc2 Nxc3 11. bxc3 cxd4 12. Bxd4 O-O 13. Bd3 h6 14. O-O Qe7
15. Ne5 Nd7 16. Qe2 Nf6 17. Rab1 Bb6 18. a4 Bxd4 19. cxd4 b6 20. a5 bxa5 21. Qf3
Bd7 22. Rb7 Qd6 23. Rd1 Ba4 24. Rd2 Nd7 25. Nxd7 Bxd7 26. c5 Qc6 27. Be4 Qa4 28.
Rxd7 Rab8 29. Rb7 f5 30. Bc2 Qa2 31. Qb3 Qxb3 32. Rxb3 Rb4 33. Rxb4 axb4 34. Bb3
Kf7 35. Re2 Re8 36. c6 Re7 37. Rxe6 Rxe6 38. c7 Ke7 39. Bxe6 Kd6 40. c8=Q a6 41.
Qd7# 1-0